Terms Coined 1900–1930 - Statistics

General Stats
  • This quiz has been taken 14,012 times
    13,999 since last reset
  • The average score is 14 of 20
Answer Stats
Hint Term % Correct
The climax of a joke, typically only a few words {Punch} {line}
89%
Intelligent machine, often made of metal and designed to look like a human {Robot}
88%
Hotel in which the rooms are accessible from an outdoor parking area {Motel}
87%
Stuffed toy named for a U.S. President {Teddy} {bear}
87%
To travel by asking strangers for a ride {Hitch}-{hike}
86%
To convert waste into something than can be used {Recycle}
84%
Hormone made by the pancreas which regulates blood sugar {Insulin}
78%
Basic drawing of a human involving only lines and a circle {Stick} {figure}
76%
A romantic meeting between two people who have never seen each other before {Blind} {date}
74%
"Spooky" term for a late-night shift at work {Graveyard} shift
74%
Unwanted promotional material received through the post {Junk} {mail}
69%
Eye-watering method of crowd control {Tear} {gas}
68%
Device for measuring radioactivity {Geiger} {counter}
67%
To steal a vehicle and drive it dangerously just for fun {Joyride}
67%
Sequence of drawings in boxes that tell an amusing story, typically printed in a newspaper {Comic} {strip}
66%
To unlawfully commandeer a vehicle in transit {Hijack}
58%
Person with talents and knowledge in a wide range of fields such as Leonardo da Vinci {Renaissance} man
55%
Personality exam in which people are asked to interpret random inkblots {Rorschach} test
48%
A system that guides a vehicle without human intervention {Autopilot}
43%
Essential organic compound required in small amounts in the human diet {Vitamin}
34%
No matching quizzes found
Score Distribution
Percent of People with Each Score
Percentile by Number Answered
Your Score History
You have not taken this quiz since the last reset